Guidelines on export credit refinancing facilities.
| Format: | Book |
|---|---|
| Published: |
Kuala Lumpur:
Bank Negara Malaysia,
1994.
|
| Subjects: |
| LEADER | 00521cam a2200169 7i4500 | ||
|---|---|---|---|
| 001 | 0000002933 | ||
| 005 | 19991025090000.0 | ||
| 002 | ##000004235 | ||
| 020 | 0 | 0 | |a 983-9586-09-2 |
| 090 | 0 | 0 | |a M 332.742 |b GUI |
| 245 | 0 | 0 | |a Guidelines on export credit refinancing facilities. |
| 260 | 0 | 0 | |a Kuala Lumpur: |b Bank Negara Malaysia, |c 1994. |
| 300 | 0 | 0 | |a 92p. |
| 650 | 0 | 0 | |a Export credit |
| 651 | 0 | 0 | |a Malaysia |
| 999 | |a 0000004116 |b Book |c Open shelf |e Business Information Centre | ||
| 999 | |a 0000004115 |b Book |c Open shelf |e Business Information Centre | ||


